| 000 | 01029nam a2200217 a 4500 | ||
|---|---|---|---|
| 001 | 000027956 | ||
| 005 | 20200930031230.0 | ||
| 008 | 110406s2000 dr abd 000 | spa d | ||
| 040 |
_aDO-SdBNP _bspa _cBNPHU |
||
| 082 |
_axxx _bR426L |
||
| 110 | 1 |
_aRepública Dominicana. _bPresidencia de la República. _bConsejo Nacional de Asuntos Urbanos _954715 |
|
| 245 | 1 | 0 |
_aLineamientos de políticas de desarrollo urbano para la ciudad de San Pedro de Macorís / _cJulio C. Corral, Rosa A. María, Marcos A. Gómez ; colaboración de Yanilda Rengifo ; prólogo de Mercedes Sabeter de macarrulla. |
| 260 |
_aSantiago de los Caballeros : _bConsejo Nacional de Asuntos Urbanos (CONAU); _bCentro de Estudios Urbanos y Regionales (PUCMM), _c2000. |
||
| 300 |
_a239 p. : _bil., mapas, diagr. ; _c28 cm. |
||
| 700 | 1 |
_aSabeter de macarrulla, Mercedes, _epról. _955023 |
|
| 700 | 1 |
_aCorral, Julio C. _944072 |
|
| 700 | 1 |
_aMaría, Rosa A., _eed. _943935 |
|
| 700 | 1 |
_aGómez, Marcos A. _955024 |
|
| 700 | 1 |
_aRengifo, Yanilda _955025 |
|
| 049 | _aBNPD | ||
| 999 |
_c27448 _d27448 |
||